|
|
|
|
| LEADER |
00000nam a22000007a 4500 |
| 005 |
20160121121628.0 |
| 007 |
cr|||| ||u| |
| 008 |
160121s2015 bl ||||| |||| 00||0 por d |
| 020 |
|
|
|a 978-85-63265-52-4
|
| 035 |
|
|
|a 13044
|
| 040 |
|
|
|a vLex
|
| 090 |
|
|
|c 5819
|d 5819
|
| 100 |
1 |
|
|a de Castro Fontainha, Fernando
|
| 245 |
1 |
0 |
|a Histr̤ia Oral do Supremo [1988-2013] Eros Grau Vol. 10
|h [Recurso electrn̤ico] /
|c Fernando de Castro Fontainha
|
| 256 |
|
|
|a Servicio en ln̕ea
|
| 260 |
|
|
|a Brasil
|b FGV - Direito Rio
|c 2015
|
| 300 |
|
|
|a 1 recurso electrn̤ico
|
| 500 |
|
|
|a A Fundaȯ̂ Getulio Vargas lanȧ no dia 15/5 o projeto Histr̤ia Oral do Supremo Tribunal Federal (STF), que consiste em contar em vd̕eos e livros a histr̤ia do STF atravš da trajetr̤ia dos seus ministros de 1988 a 2013, os primeiros 25 anos da Nova Repb︢lica. Durante o evento, ser ̀lanȧda a primeira coleȯ̂ de livros, com os tt̕ulos sobre os ex-ministros Sydney Sanches, Antonio Cezar Peluso e Sepl︢veda Pertence. Os juristas e o ex-ministro Nelson Jobim, coordenador geral do trabalho, farô palestras no encontro. Completam a coleȯ̂ a ser lanȧda, que ser ̀distribud̕a gratuitamente aos participantes, os livros dos ex-ministros Aldir Passarinho e Luiz Rafael Mayer, j ̀falecidos.
|
| 506 |
1 |
|
|a Contenido solo disponible en los productos indicados
|d vLex Global
|d vLex Global (Academic Edition, excluding Law Schools)
|d vLex Global (U.S. Academic Edition, Law Schools)
|d vLex Global (U.S. Academic Edition, excluding Law Schools)
|d vLex Global (Academic Edition, Law Schools)
|
| 650 |
0 |
4 |
|a Histr̤ia contemporǹea s-- XX
|
| 700 |
1 |
|
|a Rabelo Queiroz, Rafael Mafei
|
| 740 |
0 |
|
|a vLex libros (servicio en ln̕ea)
|
| 856 |
4 |
0 |
|u http://vlex.com/source/historia-oral-do-supremo-1988-2013-eros-grau-vol-10-13044
|z Acceso restringido
|
| 942 |
|
|
|c BOOK
|